[Event "Scarborough CC-ch Reserves U1700"]
[Site "Toronto CAN"]
[Date "2011.03.31"]
[Round "6"]
[White "Pishdad, Hassan"]
[Black "Thanabalachandran, Luxiga"]
[Result "1-0"]
[WhiteElo "1250"]
[BlackElo "790"]
[PlyCount "113"]
[GameId "2160767909804267"]
[EventDate "2011.02.24"]
[EventType "swiss"]
[EventRounds "9"]
[EventCountry "CAN"]
[SourceTitle "EXT 2022"]
[Source "ChessBase"]
[SourceDate "2021.10.06"]
[SourceVersion "1"]
[SourceVersionDate "2021.10.06"]
[SourceQuality "1"]

1. d4 Nf6 2. c4 d5 3. e3 Nc6 4. Nc3 Bf5 5. Bd3 Bxd3 6. Qxd3 e5 7. cxd5 Nxd5 8. Nf3 Nxc3 9. bxc3 exd4 10. cxd4 Bb4+ 11. Bd2 Bxd2+ 12. Qxd2 Qe7 13. O-O O-O 14. a3 Nd8 15. Rfc1 c6 16. Rc5 Ne6 17. Rc3 Ng5 18. Nxg5 Qxg5 19. Rc5 Qe7 20. Qc3 Rad8 21. Rb1 Rd5 22. Rxd5 cxd5 23. a4 Qd7 24. a5 Rb8 25. a6 b6 26. Rc1 b5 27. Qc7 Qxc7 28. Rxc7 b4 29. Rb7 Rc8 30. g3 h6 31. Rxb4 Rc6 32. Rb8+ Kh7 33. Rb7 Kg6 34. Rxa7 f5 35. Ra8 Kh5 36. h3 g5 37. a7 Rb6 38. Rb8 Ra6 39. a8=Q Rxa8 40. Rxa8 g4 41. h4 Kg6 42. Ra5 h5 43. Rxd5 Kf6 44. Rd6+ Kg7 45. Re6 Kf7 46. Rh6 Kg7 47. Rxh5 Kg6 48. Rg5+ Kf6 49. Kg2 Ke6 50. f3 gxf3+ 51. Kxf3 Kf6 52. Kf4 Ke6 53. Rxf5 Kd6 54. h5 Ke7 55. h6 Kd6 56. h7 Ke6 57. h8=Q 1-0

[Event "Scarborough CC-ch Reserves U1700"]
[Site "Toronto CAN"]
[Date "2011.03.31"]
[Round "6"]
[White "Rodriguez, Sergio1"]
[Black "Song, Eric"]
[Result "0-1"]
[WhiteElo "1092"]
[BlackElo "1476"]
[PlyCount "98"]
[GameId "2160767909804268"]
[EventDate "2011.02.24"]
[EventType "swiss"]
[EventRounds "9"]
[EventCountry "CAN"]
[SourceTitle "EXT 2022"]
[Source "ChessBase"]
[SourceDate "2021.10.06"]
[SourceVersion "1"]
[SourceVersionDate "2021.10.06"]
[SourceQuality "1"]

1. f4 d5 2. e3 Nc6 3. Nf3 Nf6 4. Nc3 Bf5 5. b3 e6 6. Bb2 Bb4 7. Be2 O-O 8. a3 Bc5 9. O-O Qe7 10. Bd3 Ne4 11. Qe1 Rad8 12. Nxe4 dxe4 13. Qg3 f6 14. b4 Bb6 15. b5 Na5 16. Be2 exf3 17. Bxf3 Rxd2 18. Kh1 Rxc2 19. Bc1 Nb3 20. Rb1 Nxc1 21. Rbxc1 Rxc1 22. Rxc1 Qxa3 23. Re1 Rd8 24. e4 Bg6 25. h4 Rd2 26. h5 Bf2 27. Qh3 Bxe1 28. hxg6 Rd6 29. Qxh7+ Kf8 30. Qh8+ Ke7 31. Qxg7+ Kd8 32. Qxf6+ Kc8 33. g7 Rd8 34. Qxd8+ Kxd8 35. g8=Q+ Ke7 36. Qg7+ Kd8 37. Qg8+ Ke7 38. Qg5+ Kd7 39. f5 Bf2 40. fxe6+ Kd6 41. Qd5+ Ke7 42. Qd7+ Kf6 43. Qf7+ Ke5 44. Qf5+ Kd4 45. Kh2 Qc1 46. Qd5+ Kc3 47. Qd1 Qf4+ 48. g3 Qxg3+ 49. Kh1 Qh3# 0-1

[Event "Scarborough CC-ch Reserves U1700"]
[Site "Toronto CAN"]
[Date "2011.03.31"]
[Round "6"]
[White "Smith, Maurice"]
[Black "Yie, Kevin Yi Xiao"]
[Result "1-0"]
[WhiteElo "1533"]
[BlackElo "1395"]
[PlyCount "77"]
[GameId "2160767909804269"]
[EventDate "2011.02.24"]
[EventType "swiss"]
[EventRounds "9"]
[EventCountry "CAN"]
[SourceTitle "EXT 2022"]
[Source "ChessBase"]
[SourceDate "2021.10.06"]
[SourceVersion "1"]
[SourceVersionDate "2021.10.06"]
[SourceQuality "1"]

1. d4 Nf6 2. c4 e6 3. Nf3 Nc6 4. Bg5 d5 5. e3 b6 6. Bd3 Bb7 7. O-O Be7 8. Nc3 O-O 9. a3 h6 10. Bh4 Qd7 11. cxd5 exd5 12. Rc1 Rae8 13. Qc2 a6 14. h3 Nd8 15. Ne5 Qc8 16. Bf5 Ne6 17. Ne2 c5 18. Qb1 Nd7 19. Bxe7 Rxe7 20. Nxd7 Rxd7 21. Nf4 Rc7 22. Rfd1 Qe8 23. dxc5 Nxf4 24. exf4 bxc5 25. Re1 Qb8 26. Re5 g6 27. Bg4 Re8 28. Rce1 Rxe5 29. Rxe5 Qf8 30. Qe1 Kh7 31. f5 g5 32. f6 d4 33. Bf5+ Kg8 34. Re8 Bc6 35. Bh7+ Kxh7 36. Rxf8 Bd5 37. Qb1+ d3 38. Qxd3+ Be4 39. Qxe4# 1-0

[Event "Scarborough CC-ch Reserves U1700"]
[Site "Toronto CAN"]
[Date "2011.03.31"]
[Round "6"]
[White "Stroempl, Hedi"]
[Black "Vyravanathan, Sobiga"]
[Result "0-1"]
[WhiteElo "1056"]
[BlackElo "1309"]
[PlyCount "110"]
[GameId "2160767909804270"]
[EventDate "2011.02.24"]
[EventType "swiss"]
[EventRounds "9"]
[EventCountry "CAN"]
[SourceTitle "EXT 2022"]
[Source "ChessBase"]
[SourceDate "2021.10.06"]
[SourceVersion "1"]
[SourceVersionDate "2021.10.06"]
[SourceQuality "1"]

1. e4 c5 2. Nf3 Nc6 3. c4 d6 4. Nc3 Nf6 5. d3 e6 6. g3 Be7 7. Bg2 O-O 8. O-O a6 9. b3 Bd7 10. Bb2 Re8 11. Qd2 Qc8 12. Rfe1 e5 13. a3 Bh3 14. Ng5 Bxg2 15. Kxg2 h6 16. Nf3 Qg4 17. h3 Qd7 18. Nh2 Nd4 19. Qd1 Rab8 20. Ne2 Nc6 21. Bc3 b5 22. b4 bxc4 23. dxc4 cxb4 24. axb4 Nxb4 25. Bxb4 Rxb4 26. Qd3 Qc6 27. f3 Qxc4 28. Qxc4 Rxc4 29. Rxa6 d5 30. exd5 Nxd5 31. Ng4 e4 32. Ne5 exf3+ 33. Kxf3 Rb4 34. Nc6 Rb6 35. Nxe7+ Rxe7 36. Ra8+ Kh7 37. Kf2 Rf6+ 38. Kg2 Nc3 39. Raa1 Rxe2+ 40. Rxe2 Nxe2 41. g4 Nf4+ 42. Kg3 Ne2+ 43. Kg2 Nd4 44. Rf1 Rxf1 45. Kxf1 Kg6 46. Kf2 h5 47. gxh5+ Kxh5 48. Kg3 g5 49. Kg2 f5 50. Kh2 f4 51. Kg2 Kh4 52. Kf2 Kxh3 53. Kg1 g4 54. Kh1 Kg3 55. Kg1 Kf3 0-1

[Event "Scarborough CC-ch Reserves U1700"]
[Site "Toronto CAN"]
[Date "2011.03.31"]
[Round "6"]
[White "Thanabalachandran, Kajan"]
[Black "Muir, Tom"]
[Result "0-1"]
[WhiteElo "1557"]
[BlackElo "1576"]
[PlyCount "140"]
[GameId "2160767909804271"]
[EventDate "2011.02.24"]
[EventType "swiss"]
[EventRounds "9"]
[EventCountry "CAN"]
[SourceTitle "EXT 2022"]
[Source "ChessBase"]
[SourceDate "2021.10.06"]
[SourceVersion "1"]
[SourceVersionDate "2021.10.06"]
[SourceQuality "1"]

1. e4 c6 2. d4 d5 3. Nc3 dxe4 4. Nxe4 Nd7 5. Bc4 Ngf6 6. Nc3 e6 7. Bf4 Nb6 8. Bb3 Bb4 9. Nge2 Nbd5 10. Bd2 O-O 11. O-O Nxc3 12. Bxc3 Bxc3 13. Nxc3 Nd5 14. Ne4 Nf6 15. Qd3 Nxe4 16. Qxe4 Qc7 17. c3 b6 18. Rfe1 Bb7 19. Bc2 g6 20. Qh4 Qd8 21. Qh6 Qf6 22. Re3 Qg7 23. Qh4 Rfe8 24. Rae1 Rad8 25. Be4 e5 26. dxe5 Rd2 27. R3e2 Rxe2 28. Rxe2 Rxe5 29. Qd8+ Qf8 30. Qxf8+ Kxf8 31. Kf1 f5 32. Bf3 Ba6 33. Ke1 Bxe2 34. Bxe2 Ke7 35. Kd2 Kd6 36. Bf3 c5 37. Kd3 b5 38. c4 b4 39. a3 a5 40. Kc2 Re1 41. Kb3 Kc7 42. Ka4 Kb6 43. Kb3 Rf1 44. Ka2 Rxf2 45. Kb3 g5 46. h3 g4 47. hxg4 fxg4 48. Bd5 h5 49. g3 Re2 50. Ka2 bxa3 51. Kxa3 Re3+ 52. Ka2 Rxg3 53. Kb1 h4 54. Kc2 h3 55. Kd2 h2 56. Ke2 Rg1 57. Kf2 g3+ 58. Ke2 h1=Q 59. Bxh1 Rxh1 60. Kf3 Rb1 61. Kxg3 Rxb2 62. Kf4 a4 63. Ke3 a3 64. Kd3 a2 65. Ke3 a1=Q 66. Ke4 Rd2 67. Ke3 Qe1+ 68. Kf4 Rf2+ 69. Kg3 Qg1+ 70. Kh4 Rh2# 0-1

[Event "Scarborough CC-ch Reserves U1700"]
[Site "Toronto CAN"]
[Date "2011.03.31"]
[Round "6"]
[White "Xiao, Jerry"]
[Black "Kaneshalingam, Mathanhe"]
[Result "1-0"]
[WhiteElo "908"]
[BlackElo "862"]
[PlyCount "73"]
[GameId "2160767909804272"]
[EventDate "2011.02.24"]
[EventType "swiss"]
[EventRounds "9"]
[EventCountry "CAN"]
[SourceTitle "EXT 2022"]
[Source "ChessBase"]
[SourceDate "2021.10.06"]
[SourceVersion "1"]
[SourceVersionDate "2021.10.06"]
[SourceQuality "1"]

1. e4 e5 2. Nf3 Nc6 3. c3 Nf6 4. d4 d6 5. d5 Ne7 6. Bd3 Bg4 7. h3 Bh5 8. O-O Qd7 9. Qe2 a6 10. b4 O-O-O 11. b5 Bxf3 12. Qxf3 axb5 13. Bc2 Rg8 14. a4 c6 15. axb5 cxb5 16. c4 Qc7 17. h4 bxc4 18. Ra8+ Kd7 19. Ba4+ Nc6 20. dxc6+ bxc6 21. Qh3+ Ke7 22. Ra6 Qb7 23. Rxc6 Nxe4 24. Ba3 Nc5 25. Bxc5 dxc5 26. Qf5 Rd6 27. Qxe5+ Re6 28. Rxe6+ fxe6 29. Re1 Qb6 30. Qg5+ Kd6 31. Qf4+ Ke7 32. Qg5+ Kd6 33. Rd1+ Kc7 34. Qd8+ Kb7 35. Rd7+ Ka6 36. Qa8+ Qa7 37. Qxa7# 1-0

[Event "Scarborough CC-ch Reserves U1700"]
[Site "Toronto CAN"]
[Date "2011.04.07"]
[Round "7"]
[White "Aghamalian, Derick"]
[Black "Smith, Maurice"]
[Result "0-1"]
[WhiteElo "1529"]
[BlackElo "1533"]
[PlyCount "118"]
[GameId "2160767909804274"]
[EventDate "2011.02.24"]
[EventType "swiss"]
[EventRounds "9"]
[EventCountry "CAN"]
[SourceTitle "EXT 2022"]
[Source "ChessBase"]
[SourceDate "2021.10.06"]
[SourceVersion "1"]
[SourceVersionDate "2021.10.06"]
[SourceQuality "1"]

1. e4 d6 2. d4 Nf6 3. Nc3 g6 4. Nf3 Bg7 5. Be2 O-O 6. O-O Nbd7 7. Bf4 b6 8. Re1 Bb7 9. Bc4 c5 10. d5 a6 11. a4 Ng4 12. Qd2 Nge5 13. Nxe5 Nxe5 14. Bf1 Re8 15. Bh6 Bh8 16. Rad1 Qc8 17. f3 Qc7 18. Kh1 c4 19. Be3 Rab8 20. Bd4 Bf6 21. f4 Nd7 22. Bxf6 Nxf6 23. Qd4 Rbc8 24. Re3 Qc5 25. Qxc5 Rxc5 26. Rd4 Rec8 27. Be2 b5 28. g3 b4 29. Nb1 a5 30. Nd2 c3 31. bxc3 Rxc3 32. Rxc3 Rxc3 33. Bd3 Ng4 34. Nb1 Rc5 35. Rc4 Rxc4 36. Bxc4 Nf2+ 37. Kg1 Nxe4 38. Kf1 Nf6 39. c3 Bxd5 40. Bxd5 Nxd5 41. cxb4 Nxb4 42. Nd2 Nc6 43. Nb3 e6 44. Ke2 d5 45. Kd3 Kf8 46. Nd4 Nb4+ 47. Kc3 Ke7 48. g4 f6 49. Nf3 Kd6 50. g5 f5 51. Ne5 Kc5 52. Nd7+ Kd6 53. Ne5 Nc6 54. Nxc6 Kxc6 55. Kd4 Kb6 56. Kd3 Kc5 57. Kc3 d4+ 58. Kd3 Kd5 59. h3 Kc5 0-1

[Event "Scarborough CC-ch Reserves U1700"]
[Site "Toronto CAN"]
[Date "2011.04.07"]
[Round "7"]
[White "Azizi, Hamid"]
[Black "Vyravanathan, Sobiga"]
[Result "0-1"]
[WhiteElo "1457"]
[BlackElo "1309"]
[PlyCount "42"]
[GameId "2160767909804275"]
[EventDate "2011.02.24"]
[EventType "swiss"]
[EventRounds "9"]
[EventCountry "CAN"]
[SourceTitle "EXT 2022"]
[Source "ChessBase"]
[SourceDate "2021.10.06"]
[SourceVersion "1"]
[SourceVersionDate "2021.10.06"]
[SourceQuality "1"]

1. e4 c5 2. Nf3 Nc6 3. Bb5 d6 4. Bxc6+ bxc6 5. d3 Nf6 6. Nc3 e5 7. Bg5 Be7 8. O-O Bg4 9. Re1 O-O 10. h3 Bh5 11. g4 Bg6 12. Nh4 Rb8 13. Rb1 Nxe4 14. Nxg6 fxg6 15. Nxe4 Bxg5 16. Nxg5 Qxg5 17. c4 Qh4 18. Rf1 Qxh3 19. f3 Qg3+ 20. Kh1 Rf6 21. b3 g5 0-1

[Event "Scarborough CC-ch Reserves U1700"]
[Site "Toronto CAN"]
[Date "2011.04.07"]
[Round "7"]
[White "Farhang, Arvin"]
[Black "Liu, Peter"]
[Result "1-0"]
[WhiteElo "1586"]
[BlackElo "1324"]
[PlyCount "39"]
[GameId "2160767909804276"]
[EventDate "2011.02.24"]
[EventType "swiss"]
[EventRounds "9"]
[EventCountry "CAN"]
[SourceTitle "EXT 2022"]
[Source "ChessBase"]
[SourceDate "2021.10.06"]
[SourceVersion "1"]
[SourceVersionDate "2021.10.06"]
[SourceQuality "1"]

1. d4 Nf6 2. c4 g6 3. Nc3 Bg7 4. e4 d6 5. Nf3 Bg4 6. Be2 O-O 7. O-O Nc6 8. Be3 e5 9. d5 Nb8 10. Rc1 Nh5 11. Ne1 Bxe2 12. Qxe2 Qf6 13. Nd3 c6 14. c5 dxc5 15. Bxc5 Rd8 16. Rfd1 Nf4 17. Nxf4 Qxf4 18. Be7 Bf6 19. Bxd8 Bxd8 20. Nb5 1-0

[Event "Scarborough CC-ch Reserves U1700"]
[Site "Toronto CAN"]
[Date "2011.04.07"]
[Round "7"]
[White "Feng, Richard"]
[Black "Stroempl, Hedi"]
[Result "0-1"]
[WhiteElo "1057"]
[BlackElo "1056"]
[PlyCount "113"]
[GameId "2160767909804277"]
[EventDate "2011.02.24"]
[EventType "swiss"]
[EventRounds "9"]
[EventCountry "CAN"]
[SourceTitle "EXT 2022"]
[Source "ChessBase"]
[SourceDate "2021.10.06"]
[SourceVersion "1"]
[SourceVersionDate "2021.10.06"]
[SourceQuality "1"]

1. e4 e5 2. Nf3 Nc6 3. Bc4 h6 4. Nc3 Nf6 5. d3 Bb4 6. O-O O-O 7. a3 Bxc3 8. bxc3 Na5 9. Re1 Nxc4 10. dxc4 d6 11. Nd2 b6 12. Qf3 c5 13. Qg3 Re8 14. Nf3 Kf8 15. Re3 Bb7 16. Qh4 Nh7 17. Qh5 Re7 18. Nd2 Nf6 19. Qf5 Bc8 20. Qf3 Bg4 21. Qg3 Qd7 22. h3 Be6 23. Nf3 Bxc4 24. Nh4 Be6 25. f4 exf4 26. Qxf4 Nh5 27. Qf3 Nf6 28. e5 Nd5 29. Rd3 dxe5 30. Bxh6 f6 31. c4 Qa4 32. Bxg7+ Rxg7 33. cxd5 Bf7 34. Nf5 Rg6 35. d6 e4 36. Qe3 exd3 37. Qf3 Rd8 38. cxd3 Kg8 39. Ne7+ Kg7 40. Nxg6 Bxg6 41. Qb7+ Qd7 42. Qxd7+ Rxd7 43. g4 Rxd6 44. Kf2 Rxd3 45. h4 c4 46. Rg1 c3 47. h5 Bf7 48. Rh1 Kh6 49. Ke2 Bc4 50. Rh4 c2 51. g5+ Kxg5 52. Rxc4 Rxa3 53. Rxc2 Kxh5 54. Rc6 Ra2+ 55. Kd3 Ra3+ 56. Kc4 Ra4+ 57. Kb5 0-1

[Event "Scarborough CC-ch Reserves U1700"]
[Site "Toronto CAN"]
[Date "2011.04.07"]
[Round "7"]
[White "Kaneshalingam, Mathanhe"]
[Black "Krishnakumar, Agahash"]
[Result "1-0"]
[WhiteElo "862"]
[BlackElo "718"]
[PlyCount "81"]
[GameId "2160767909804279"]
[EventDate "2011.02.24"]
[EventType "swiss"]
[EventRounds "9"]
[EventCountry "CAN"]
[SourceTitle "EXT 2022"]
[Source "ChessBase"]
[SourceDate "2021.10.06"]
[SourceVersion "1"]
[SourceVersionDate "2021.10.06"]
[SourceQuality "1"]

1. d4 c6 2. e4 Nf6 3. Nc3 Qa5 4. Nf3 Nxe4 5. Bd2 Qb4 6. Nxe4 Qb6 7. Rb1 f5 8. Nc3 e6 9. Bd3 Qd8 10. O-O Bb4 11. a3 Bd6 12. h3 Rf8 13. Re1 Qf6 14. d5 cxd5 15. Nxd5 Qd8 16. Bg5 Qa5 17. Ne3 Qc7 18. Nxf5 h6 19. Nxd6+ Qxd6 20. Bd2 Nc6 21. Be4 Nd4 22. Bb4 Qf4 23. Bxf8 Nxf3+ 24. Qxf3 Qxf8 25. Qxf8+ Kxf8 26. Re3 d5 27. Bd3 d4 28. Rf3+ Kg8 29. c3 dxc3 30. bxc3 b6 31. Be4 Rb8 32. a4 Bd7 33. a5 b5 34. c4 b4 35. Rfb3 Ba4 36. Rxb4 Rxb4 37. Rxb4 g6 38. Rxa4 e5 39. Bxg6 Kg7 40. Be4 a6 41. Rb4 1-0

[Event "Scarborough CC-ch Reserves U1700"]
[Site "Toronto CAN"]
[Date "2011.04.07"]
[Round "7"]
[White "Karpik, Steve"]
[Black "Rodriguez, Sergio1"]
[Result "0-1"]
[WhiteElo "1535"]
[BlackElo "1092"]
[PlyCount "84"]
[GameId "2160767909804280"]
[EventDate "2011.02.24"]
[EventType "swiss"]
[EventRounds "9"]
[EventCountry "CAN"]
[SourceTitle "EXT 2022"]
[Source "ChessBase"]
[SourceDate "2021.10.06"]
[SourceVersion "1"]
[SourceVersionDate "2021.10.06"]
[SourceQuality "1"]

1. Nf3 c5 2. c4 Nc6 3. g3 Nf6 4. Nc3 b6 5. Bg2 Bb7 6. O-O a6 7. b3 Nd4 8. Nxd4 Bxg2 9. Kxg2 cxd4 10. Na4 e5 11. d3 d5 12. Bg5 Be7 13. Kg1 O-O 14. Bxf6 Bxf6 15. cxd5 b5 16. Nc5 Qxd5 17. Ne4 Be7 18. a3 f5 19. Nd2 Bg5 20. b4 Rfe8 21. Qb3 Rad8 22. Rfe1 Bxd2 23. Qxd5+ Rxd5 24. Red1 Bc3 25. Ra2 g5 26. Rc2 f4 27. e4 fxe3 28. fxe3 Rc8 29. Rdc1 h5 30. h3 Rd7 31. Kg2 Rf7 32. Rf1 dxe3 33. Rxf7 Kxf7 34. Kf3 Ke6 35. Ke4 g4 36. h4 Rc6 37. Re2 Bd2 38. Rg2 Rc1 39. d4 exd4 40. Kxd4 Rc3 41. Re2 Rxa3 42. Kc5 Ke5 0-1

[Event "Scarborough CC-ch Reserves U1700"]
[Site "Toronto CAN"]
[Date "2011.04.07"]
[Round "7"]
[White "Liang, Phillip"]
[Black "Souchko, Larissa"]
[Result "1-0"]
[WhiteElo "1271"]
[BlackElo "1123"]
[PlyCount "55"]
[GameId "2160767909804282"]
[EventDate "2011.02.24"]
[EventType "swiss"]
[EventRounds "9"]
[EventCountry "CAN"]
[SourceTitle "EXT 2022"]
[Source "ChessBase"]
[SourceDate "2021.10.06"]
[SourceVersion "1"]
[SourceVersionDate "2021.10.06"]
[SourceQuality "1"]

1. e4 c5 2. Nf3 Nc6 3. d4 cxd4 4. Nxd4 Nf6 5. Nc3 e5 6. Ndb5 a6 7. Nd6+ Bxd6 8. Qxd6 Qe7 9. Qxe7+ Nxe7 10. Be3 b5 11. f3 d5 12. exd5 Nfxd5 13. Nxd5 Nxd5 14. Bd2 O-O 15. O-O-O Be6 16. Bd3 Rac8 17. a3 f5 18. Rde1 Rf6 19. Rxe5 h6 20. Rhe1 Bf7 21. Bxf5 Rb8 22. Be6 Nf4 23. Bxf4 Rxf4 24. Bxf7+ Rxf7 25. Re8+ Rxe8 26. Rxe8+ Kh7 27. Re6 a5 28. Re5 1-0

[Event "Scarborough CC-ch Reserves U1700"]
[Site "Toronto CAN"]
[Date "2011.04.07"]
[Round "7"]
[White "Moffat, Anthony"]
[Black "Veecock, Carl"]
[Result "1-0"]
[WhiteElo "1240"]
[BlackElo "1360"]
[PlyCount "49"]
[GameId "2160767909804284"]
[EventDate "2011.02.24"]
[EventType "swiss"]
[EventRounds "9"]
[EventCountry "CAN"]
[SourceTitle "EXT 2022"]
[Source "ChessBase"]
[SourceDate "2021.10.06"]
[SourceVersion "1"]
[SourceVersionDate "2021.10.06"]
[SourceQuality "1"]

1. e4 g6 2. Nc3 Bg7 3. Nf3 d6 4. d4 b6 5. Bd3 Bb7 6. O-O e6 7. Re1 Ne7 8. Bf4 O-O 9. Qd2 Nbc6 10. Bg5 Nxd4 11. Nxd4 Bxd4 12. Bc4 Bg7 13. Rad1 Qd7 14. e5 d5 15. Bd3 Nc6 16. Bb5 a6 17. Bxc6 Qxc6 18. Qf4 b5 19. Rd2 a5 20. Ne2 d4 21. f3 Qd5 22. Ng3 c5 23. Bf6 Bxf6 24. exf6 Rfe8 25. Qh6 1-0

[Event "Scarborough CC-ch Reserves U1700"]
[Site "Toronto CAN"]
[Date "2011.04.07"]
[Round "7"]
[White "Muir, Tom"]
[Black "Guo, Tan"]
[Result "0-1"]
[WhiteElo "1576"]
[BlackElo "1463"]
[PlyCount "94"]
[GameId "2160767909804285"]
[EventDate "2011.02.24"]
[EventType "swiss"]
[EventRounds "9"]
[EventCountry "CAN"]
[SourceTitle "EXT 2022"]
[Source "ChessBase"]
[SourceDate "2021.10.06"]
[SourceVersion "1"]
[SourceVersionDate "2021.10.06"]
[SourceQuality "1"]

1. e4 d6 2. d4 Nf6 3. Nc3 g6 4. Bc4 Bg7 5. Nge2 O-O 6. O-O c6 7. Bg5 Nbd7 8. Qd2 b5 9. Bb3 b4 10. Nd1 Nxe4 11. Qe3 Nxg5 12. Qxg5 e5 13. Qd2 exd4 14. Nxd4 c5 15. Bd5 Ba6 16. Nc6 Qf6 17. Re1 Rae8 18. c3 Bh6 19. Ne3 bxc3 20. bxc3 Bg7 21. Rac1 Nb6 22. Bb3 d5 23. Nxd5 Qxc6 24. Ne7+ Rxe7 25. Rxe7 Bb7 26. f3 c4 27. Bc2 Nd5 28. Be4 Qb6+ 29. Kh1 Nxe7 30. Rb1 Rd8 31. Qe2 Qd6 32. Bxb7 Bxc3 33. g3 Qd3 34. Qxd3 cxd3 35. Rd1 d2 36. Kg2 Nf5 37. Kf2 Re8 38. Be4 Nd6 39. Ke3 Nc4+ 40. Kd3 Nb2+ 41. Kxc3 Nxd1+ 42. Kxd2 Rd8+ 43. Kc2 Ne3+ 44. Kb3 Rb8+ 45. Ka4 Nc4 46. Bc6 Rb6 47. Bb5 Nb2+ 0-1

[Event "Scarborough CC-ch Reserves U1700"]
[Site "Toronto CAN"]
[Date "2011.04.07"]
[Round "7"]
[White "Patel, Shivkumar"]
[Black "Xiao, Jerry"]
[Result "1-0"]
[WhiteElo "818"]
[BlackElo "918"]
[PlyCount "99"]
[GameId "2160767909804286"]
[EventDate "2011.02.24"]
[EventType "swiss"]
[EventRounds "9"]
[EventCountry "CAN"]
[SourceTitle "EXT 2022"]
[Source "ChessBase"]
[SourceDate "2021.10.06"]
[SourceVersion "1"]
[SourceVersionDate "2021.10.06"]
[SourceQuality "1"]

1. d4 d5 2. c3 e6 3. e3 Bd6 4. Bd3 Nf6 5. Nf3 O-O 6. O-O b6 7. Bb5 Bb7 8. Qa4 a6 9. Bc6 Bxc6 10. Qd1 Bb5 11. Re1 Qd7 12. a4 Bc4 13. b3 Bxb3 14. Qxb3 c5 15. Qxb6 Nc6 16. Qb2 Rab8 17. Qc2 cxd4 18. exd4 Ne4 19. Nbd2 Rfe8 20. Nxe4 dxe4 21. Qxe4 f5 22. Qc2 e5 23. d5 Nd4 24. cxd4 exd4 25. Rxe8+ Rxe8 26. Bb2 Rc8 27. Qd1 Rb8 28. Qb1 Qb7 29. Ra2 Qxd5 30. Qa1 Qb7 31. Bxd4 Qb1+ 32. Ne1 Qe4 33. f3 Qb7 34. Rb2 Bb4 35. Be5 Qb6+ 36. Kf1 Re8 37. Nd3 Qe3 38. Qd1 Rd8 39. Rb3 Bc5 40. Bf4 Qd4 41. Bc7 Qg1+ 42. Ke2 Re8+ 43. Ne5 Qf2+ 44. Kd3 Qd4+ 45. Kc2 Qxa4 46. Qd5+ Kh8 47. Nf7+ Kg8 48. Nh6+ Kh8 49. Qg8+ Rxg8 50. Nf7# 1-0

[Event "Scarborough CC-ch Reserves U1700"]
[Site "Toronto CAN"]
[Date "2011.04.07"]
[Round "7"]
[White "Super, Russell"]
[Black "Pishdad, Hassan"]
[Result "0-1"]
[WhiteElo "1446"]
[BlackElo "1250"]
[PlyCount "86"]
[GameId "2160767909804287"]
[EventDate "2011.02.24"]
[EventType "swiss"]
[EventRounds "9"]
[EventCountry "CAN"]
[SourceTitle "EXT 2022"]
[Source "ChessBase"]
[SourceDate "2021.10.06"]
[SourceVersion "1"]
[SourceVersionDate "2021.10.06"]
[SourceQuality "1"]

1. e4 c5 2. Nf3 d6 3. d4 cxd4 4. Nxd4 Nc6 5. c4 Nf6 6. Nc3 e5 7. Nb3 b6 8. Be2 Be7 9. O-O O-O 10. Bg5 h6 11. Bh4 Be6 12. Kh1 Rc8 13. f4 Nb8 14. Nd2 Nh7 15. Bxe7 Qxe7 16. f5 Bd7 17. Nd5 Qd8 18. Qe1 f6 19. Nf3 Bc6 20. Rd1 Bxd5 21. Rxd5 Rc5 22. Qd2 Rc6 23. Rd1 Rf7 24. Rxd6 Rxd6 25. Qxd6 Rd7 26. Qe6+ Kh8 27. Rxd7 Nxd7 28. Nh4 Ng5 29. Ng6+ Kh7 30. Qd5 Qe8 31. b4 Nf8 32. Nxf8+ Qxf8 33. a3 Qe7 34. c5 bxc5 35. Qxc5 Qb7 36. Qd5 Qc7 37. Qc5 Qd7 38. Qc2 Qd4 39. Bh5 Qa1+ 40. Qd1 Qxd1+ 41. Bxd1 Nxe4 42. b5 Nf2+ 43. Kg1 Nxd1 0-1

[Event "Scarborough CC-ch Reserves U1700"]
[Site "Toronto CAN"]
[Date "2011.04.07"]
[Round "7"]
[White "Termeer, Ted"]
[Black "Gandhi, Vishwa"]
[Result "1-0"]
[WhiteElo "1425"]
[BlackElo "1058"]
[PlyCount "86"]
[GameId "2160767909804288"]
[EventDate "2011.02.24"]
[EventType "swiss"]
[EventRounds "9"]
[EventCountry "CAN"]
[SourceTitle "EXT 2022"]
[Source "ChessBase"]
[SourceDate "2021.10.06"]
[SourceVersion "1"]
[SourceVersionDate "2021.10.06"]
[SourceQuality "1"]

1. Nf3 c5 2. d4 cxd4 3. Nxd4 e5 4. Nb3 Nc6 5. Bd2 h6 6. Nc3 Nf6 7. a3 a6 8. e4 Bd6 9. Be2 O-O 10. Bxh6 gxh6 11. Qxd6 Re8 12. O-O-O Re6 13. Qd2 d6 14. Bc4 Re7 15. Qxh6 Ng4 16. Qxd6 Qf8 17. Qd2 Qg7 18. f3 Nf6 19. Qf2 Nh5 20. Nd5 Re8 21. Nc7 Qh6+ 22. Kb1 Re7 23. Nxa8 Be6 24. Bxe6 Rxe6 25. Nc7 Rg6 26. Nd5 Rg7 27. g4 Nf4 28. Nxf4 Qxf4 29. Qg3 Qe3 30. h4 f5 31. exf5 e4 32. Rde1 Qxf3 33. Qxf3 exf3 34. g5 f2 35. Ref1 Ne5 36. Rxf2 Ng4 37. Rd2 Rf7 38. Rd8+ Kg7 39. f6+ Kg6 40. Rg8+ Kf5 41. Nd4+ Kf4 42. h5 Rd7 43. c3 Ne5 1-0

[Event "Scarborough CC-ch Reserves U1700"]
[Site "Toronto CAN"]
[Date "2011.04.07"]
[Round "7"]
[White "Zhao, Harry"]
[Black "Graham, John"]
[Result "1-0"]
[WhiteElo "1469"]
[BlackElo "1429"]
[PlyCount "87"]
[GameId "2160767909804289"]
[EventDate "2011.02.24"]
[EventType "swiss"]
[EventRounds "9"]
[EventCountry "CAN"]
[SourceTitle "EXT 2022"]
[Source "ChessBase"]
[SourceDate "2021.10.06"]
[SourceVersion "1"]
[SourceVersionDate "2021.10.06"]
[SourceQuality "1"]

1. e4 e5 2. Bc4 Nf6 3. Nf3 d6 4. Ng5 Be6 5. Bxe6 fxe6 6. c3 Qe7 7. Qe2 h6 8. Nf3 Nbd7 9. d4 exd4 10. cxd4 d5 11. e5 Ne4 12. Nbd2 Ng5 13. h3 O-O-O 14. O-O c5 15. Nxg5 hxg5 16. dxc5 Nxc5 17. b3 Nd7 18. Bb2 g6 19. Rac1+ Kb8 20. Rc2 Bg7 21. Rfc1 Rc8 22. Rxc8+ Rxc8 23. Rxc8+ Kxc8 24. Nf3 Nf8 25. Qc2+ Kb8 26. Bc1 Bh6 27. h4 Qc7 28. Qxc7+ Kxc7 29. Bxg5 Bxg5 30. Nxg5 Kc6 31. Nf3 Kc5 32. a3 d4 33. Kf1 Kd5 34. Ke2 Nd7 35. g3 Nxe5 36. Nxe5 Kxe5 37. Kd3 Kd5 38. f4 b6 39. g4 a6 40. h5 g5 41. fxg5 e5 42. h6 e4+ 43. Kd2 Ke6 44. h7 1-0